• 首页
  • 本馆介绍
  • 公告通知
  • 最新文献
  • 馆藏检索
  • 电子资源
  • 读者导购
  • 参考咨询
  • 我的图书馆
  • 登录
  • 详细信息显示
  • 放入我的书架
  • 预约/预借图书
  • 作者相关作品
  • 分类相关作品
  • 丛书相关作品
  • 出版社相关作品

书目信息

  • 表格格式
  • 工作单格式
  • 卡片格式
题名:
从鸦片战争到五四运动时期的教育
    
 
作者: 沈灌群 著
分册:  
出版信息: 北京   教育科学出版社  1984
页数: 196页
开本: 19cm
丛书名:
单 册:
中图分类: G529.5
科图分类:
主题词: 教育史--中国--近代
电子资源:
ISBN:
000 00707nam0 2200241 45
001 0184005392
005 20040424162938.9
010    @dCNY0.70
091    @a7232.214
100    @a19950703d1984 emky0chiy0121 ea
101 0  @achi
102    @aCN@b110000
105    @ay z 000yy
106    @ar
200 10 @a从鸦片战争到五四运动时期的教育@Acong ya pian zhan zheng dao wu si yun dong shi qi de jiao yu@f沈灌群著
210    @a北京@c教育科学出版社@d1984
215    @a196页@d19cm
606    @a教育史@y中国@z近代
690    @aG529.5@v3
701  0 @a沈灌群@Ashen guan qun@4著
801  0 @aCN@b上海图书馆@c20040424
801  2 @aCN@bNLC@c20040424
905    @f5@b154230-234@f1@b228272@f1@b154236@dG529.5@e12
    
    从鸦片战争到五四运动时期的教育/沈灌群著.-北京:教育科学出版社,1984
    196页;19cm
    
    
    ISBN :CNY0.70
    
●
相关链接 在E读中查询图书 在五车中查询图书 在当当中查询图书 在豆瓣中查询图书


正题名:从鸦片战争到五四运动时期的教育     索取号:G529.5/12         预约/预借

序号 登录号 条形码 馆藏地/架位号 状态 备注
1 0154229   001734234   密集书库/ [索取号:G529.5/12] 在馆    
2 0154230   000211933   密集书库/ [索取号:G529.5/12] 在馆    
3 0154231   000211899   密集书库/ [索取号:G529.5/12] 在馆    
4 0154232   000211853   密集书库/ [索取号:G529.5/12] 在馆    
5 0154233   000211700   密集书库/ [索取号:G529.5/12] 在馆    
6 0154234   000462449   密集书库/ [索取号:G529.5/12] 在馆    
7 0154235   000482329   密集书库/ [索取号:G529.5/12] 在馆    
8 0154236   000462369   密集书库/ [索取号:G529.5/12] 在馆    
9 0154237   000462323   第一样本阅览室/ [索取号:G529.5/12] 在馆    
10 0228272   000462403   密集书库/ [索取号:G529.5/12] 在馆    
唐山师范学院图书馆 欢迎您!
大连网信软件有限公司© 版权所有